[Event "DSJ Weihnachtsturnier U20 2020"]
[Site "https://play.chessbase.com/en/play?room=DSJWeihnachtU20"]
[Date "2020.12.29"]
[Round "7"]
[White "Tham, Nam"]
[Black "Köhler, Lukas"]
[Result "0-1"]
[Termination "normal"]
[Board "9.2"]
[WhiteElo "1951"]
[BlackElo "2127"]
[WhiteTeam "SC Weisse Dame"]
[BlackTeam "SC 1868 Bamberg"]
[PlyCount "76"]
[WhiteFideId "12997331"]
[BlackFideId "16221990"]
[EventRounds "7"]
[EventType "team-swiss"]
[EventDate "2020.12.29"]

1. e4 {[%emt 0:00:01]} c6 {[%emt 0:00:33]} 2. Nf3 {[%emt 0:00:03]} d5 {[%emt
0:00:01]} 3. Nc3 {[%emt 0:00:02]} dxe4 {[%emt 0:00:03]} 4. Nxe4 {[%emt
0:00:01]} Nf6 {[%emt 0:00:00]} 5. Ng3 {[%emt 0:00:17]} h5 {[%emt 0:00:02]} 6.
h4 { [%emt 0:00:02]} Bg4 {[%emt 0:00:02]} 7. Be2 {[%emt 0:00:07]} e6 {[%emt
0:00:02] } 8. d4 {[%emt 0:00:03]} Bd6 {[%emt 0:00:02]} 9. Ne5 {[%emt 0:00:55]}
Bxe5 { [%emt 0:00:30]} 10. dxe5 {[%emt 0:00:07]} Qxd1+ {[%emt 0:00:03]} 11.
Bxd1 { [%emt 0:00:02]} Nfd7 {[%emt 0:00:36]} 12. f3 {[%emt 0:00:12]} Bf5 {[%emt
0:00:02]} 13. Nxf5 {[%emt 0:00:30]} exf5 {[%emt 0:00:00]} 14. f4 {[%emt
0:00:01]} Nc5 {[%emt 0:00:13]} 15. Bf3 {[%emt 0:00:08]} Nba6 {[%emt 0:00:10]}
16. b3 { [%emt 0:00:36]} O-O-O {[%emt 0:00:16]} 17. Ba3 {[%emt 0:01:07]} Ne6
{[%emt 0:00:16]} 18. g3 {[%emt 0:01:27]} Nac7 {[%emt 0:00:06]} 19. Kf2 {[%emt
0:00:15]} Rd2+ {[%emt 0:00:07]} 20. Ke3 {[%emt 0:00:02]} Rxc2 {[%emt 0:00:24]}
21. Rhd1 { [%emt 0:00:42]} Nb5 {[%emt 0:00:29]} 22. Be7 {[%emt 0:00:59]} Rc3+
{[%emt 0:00:42]} 23. Kf2 {[%emt 0:00:14]} Nbd4 {[%emt 0:00:27]} 24. Be2 {[%emt
0:00:30]} Nxe2 {[%emt 0:01:09]} 25. Kxe2 {[%emt 0:00:03]} Rxg3 {[%emt 0:00:01]}
26. Bg5 { [%emt 0:00:39]} Re8 {[%emt 0:00:31]} 27. Kf2 {[%emt 0:00:06]} Rc3
{[%emt 0:00:24]} 28. Rd2 {[%emt 0:00:04]} Nc5 {[%emt 0:00:29]} 29. Re2 {[%emt
0:00:26]} Ne4+ {[%emt 0:00:04]} 30. Kg2 {[%emt 0:00:20]} f6 {[%emt 0:00:19]}
31. exf6 { [%emt 0:00:08]} gxf6 {[%emt 0:00:00]} 32. Bh6 {[%emt 0:00:15]} Rg8+
{[%emt 0:00:04]} 33. Kh2 {[%emt 0:00:03]} Rg4 {[%emt 0:00:51]} 34. Rd1 {[%emt
0:00:20]} Rxh4+ {[%emt 0:00:06]} 35. Kg1 {[%emt 0:00:01]} Rg4+ {[%emt 0:00:12]}
36. Rg2 { [%emt 0:00:02]} Rxg2+ {[%emt 0:00:04]} 37. Kxg2 {[%emt 0:00:01]} Rc2+
{[%emt 0:00:02]} 38. Kh3 {[%emt 0:00:04]} Nf2+ {[%emt 0:00:04]} 0-1

[Event "DSJ Weihnachtsturnier U20 2020"]
[Site "https://play.chessbase.com/en/play?room=DSJWeihnachtU20"]
[Date "2020.12.29"]
[Round "7"]
[White "Wolf, Pablo"]
[Black "Tham, Minh"]
[Result "0-1"]
[Termination "normal"]
[Board "9.3"]
[WhiteElo "2001"]
[BlackElo "1844"]
[WhiteTeam "SC 1868 Bamberg"]
[BlackTeam "SC Weisse Dame"]
[PlyCount "142"]
[WhiteFideId "12943894"]
[BlackFideId "12997323"]
[EventRounds "7"]
[EventType "team-swiss"]
[EventDate "2020.12.29"]

1. e4 {[%emt 0:00:31]} e5 {[%emt 0:00:02]} 2. Nc3 {[%emt 0:00:09]} Nf6 { [%emt
0:00:16]} 3. d3 {[%emt 0:00:06]} d5 {[%emt 0:00:20]} 4. Bg5 {[%emt 0:00:16]} d4
{[%emt 0:00:28] Bamberg1-003 reconnected.} 5. Nd5 {[%emt 0:00:14]} Be7 {[%emt
0:00:01]} 6. Nxe7 {[%emt 0:00:10]} Qxe7 {[%emt 0:00:00]} 7. f4 {[%emt 0:00:01]}
Nc6 {[%emt 0:00:08]} 8. Nf3 {[%emt 0:00:03]} h6 {[%emt 0:00:08]} 9. Bxf6 {[%emt
0:00:06]} Qxf6 {[%emt 0:00:08]} 10. fxe5 {[%emt 0:00:01]} Nxe5 { [%emt
0:00:15]} 11. Nxd4 {[%emt 0:00:11]} Ng4 {[%emt 0:01:09]} 12. Nf3 { [%emt
0:00:06]} Qb6 {[%emt 0:00:19]} 13. d4 {[%emt 0:00:09]} Qxb2 {[%emt 0:00:14]}
14. Rb1 {[%emt 0:00:03]} Qxa2 {[%emt 0:01:00]} 15. Bd3 {[%emt 0:00:04]} Qa5+
{[%emt 0:00:07]} 16. Qd2 {[%emt 0:00:04]} Qxd2+ {[%emt 0:00:10]} 17. Nxd2
{[%emt 0:00:00]} O-O {[%emt 0:00:09]} 18. O-O {[%emt 0:00:04]} b6 {[%emt
0:00:14]} 19. Rbe1 {[%emt 0:00:04]} Bb7 {[%emt 0:00:07]} 20. e5 {[%emt
0:00:03]} h5 {[%emt 0:00:19]} 21. Rf5 {[%emt 0:00:39]} g6 {[%emt 0:00:41]} 22.
Rg5 {[%emt 0:00:03]} Rad8 {[%emt 0:00:22]} 23. h3 {[%emt 0:00:12]} Nh6 {[%emt
0:00:08]} 24. c3 {[%emt 0:00:10]} c5 {[%emt 0:00:31]} 25. Nb3 {[%emt 0:00:05]}
cxd4 {[%emt 0:00:26]} 26. Nxd4 {[%emt 0:00:00]} Bd5 {[%emt 0:00:07]} 27. e6
{[%emt 0:00:28]} Bxe6 {[%emt 0:00:53]} 28. Rxe6 {[%emt 0:00:21]} fxe6 {[%emt
0:00:08]} 29. Rxg6+ {[%emt 0:00:07]} Kf7 {[%emt 0:00:25]} 30. Rxh6 {[%emt
0:00:03]} Rfe8 {[%emt 0:00:33]} 31. Bc4 {[%emt 0:00:10]} Kg7 {[%emt 0:00:33]}
32. Rxh5 {[%emt 0:00:02]} Kg6 {[%emt 0:00:08]} 33. Re5 {[%emt 0:00:07]} Kf6
{[%emt 0:00:10]} 34. Nf3 { [%emt 0:00:30]} Rc8 {[%emt 0:00:06]} 35. Bb5 {[%emt
0:00:04]} Re7 {[%emt 0:00:02]} 36. c4 {[%emt 0:00:01]} Rg7 {[%emt 0:00:10]} 37.
g4 {[%emt 0:00:01]} Rh7 { [%emt 0:00:01]} 38. Kg2 {[%emt 0:00:04]} Rd8 {[%emt
0:00:02]} 39. Rxe6+ { [%emt 0:00:14]} Kxe6 {[%emt 0:00:02]} 40. Ng5+ {[%emt
0:00:01]} Kf6 {[%emt 0:00:03]} 41. Nxh7+ {[%emt 0:00:01]} Kg6 {[%emt 0:00:01]}
42. Bc6 {[%emt 0:00:22] } Kxh7 {[%emt 0:00:01]} 43. Be4+ {[%emt 0:00:02]} Kg7
{[%emt 0:00:02]} 44. Kg3 {[%emt 0:00:01]} a5 {[%emt 0:00:01]} 45. h4 {[%emt
0:00:06]} a4 {[%emt 0:00:02] } 46. g5 {[%emt 0:00:08]} a3 {[%emt 0:00:01]} 47.
Bb1 {[%emt 0:00:01]} Rd1 { [%emt 0:00:07]} 48. Ba2 {[%emt 0:00:05]} Rd2 {[%emt
0:00:01]} 49. Bb1 {[%emt 0:00:01]} a2 {[%emt 0:00:01]} 50. Bxa2 {[%emt
0:00:01]} Rxa2 {[%emt 0:00:00]} 51. h5 {[%emt 0:00:00]} Ra3+ {[%emt 0:00:01]}
52. Kg4 {[%emt 0:00:01]} Ra4 { [%emt 0:00:01]} 53. Kf5 {[%emt 0:00:01]} Rxc4
{[%emt 0:00:02]} 54. h6+ { [%emt 0:00:00]} Kh8 {[%emt 0:00:02]} 55. Kg6 {[%emt
0:00:01]} Rc6+ {[%emt 0:00:01]} 56. Kf7 {[%emt 0:00:01]} Rc7+ {[%emt 0:00:02]}
57. Kf6 {[%emt 0:00:02]} b5 {[%emt 0:00:02]} 58. g6 {[%emt 0:00:01]} b4 {[%emt
0:00:03]} 59. g7+ {[%emt 0:00:02]} Rxg7 {[%emt 0:00:01]} 60. hxg7+ {[%emt
0:00:03]} Kg8 {[%emt 0:00:01]} 61. Ke5 {[%emt 0:00:02]} b3 {[%emt 0:00:01]} 62.
Kf6 {[%emt 0:00:00]} b2 { [%emt 0:00:00]} 63. Kg6 {[%emt 0:00:00]} b1=Q+ {[%emt
0:00:01]} 64. Kf6 { [%emt 0:00:00]} Qb6+ {[%emt 0:00:01]} 65. Kg5 {[%emt
0:00:01]} Qf2 {[%emt 0:00:02]} 66. Kh6 {[%emt 0:00:00]} Qg3 {[%emt 0:00:01]}
67. Kh5 {[%emt 0:00:01]} Qg2 {[%emt 0:00:02]} 68. Kh6 {[%emt 0:00:00]} Qg1
{[%emt 0:00:03]} 69. Kh5 { [%emt 0:00:00]} Kxg7 {[%emt 0:00:01]} 70. Kh4 {[%emt
0:00:01]} Kf6 {[%emt 0:00:01]} 71. Kh5 {[%emt 0:00:00]} Qg5# {[%emt 0:00:02]}
0-1

[Event "DSJ Weihnachtsturnier U20 2020"]
[Site "https://play.chessbase.com/en/play?room=DSJWeihnachtU20"]
[Date "2020.12.29"]
[Round "7"]
[White "Lutz, Sebastian"]
[Black "Tahirovic, Denis"]
[Result "0-1"]
[Termination "normal"]
[Board "9.4"]
[WhiteElo "1541"]
[BlackElo "1439"]
[WhiteTeam "SC Weisse Dame"]
[BlackTeam "SC 1868 Bamberg"]
[PlyCount "66"]
[WhiteFideId "16278674"]
[BlackFideId "16258762"]
[EventRounds "7"]
[EventType "team-swiss"]
[EventDate "2020.12.29"]

1. e4 {[%emt 0:00:15]} c5 {[%emt 0:00:06]} 2. Nf3 {[%emt 0:00:02]} d6 {[%emt
0:00:02]} 3. d4 {[%emt 0:00:01]} cxd4 {[%emt 0:00:03]} 4. Nxd4 {[%emt 0:00:00]}
Nf6 {[%emt 0:00:01]} 5. Nc3 {[%emt 0:00:02]} a6 {[%emt 0:00:01]} 6. h3 { [%emt
0:00:01]} e5 {[%emt 0:00:05]} 7. Nde2 {[%emt 0:00:02]} h5 {[%emt 0:00:03] } 8.
Bg5 {[%emt 0:00:10]} Be7 {[%emt 0:00:35]} 9. Bxf6 {[%emt 0:00:04]} Bxf6 { [%emt
0:00:05]} 10. Nd5 {[%emt 0:00:02]} Bg5 {[%emt 0:00:06]} 11. Nec3 { [%emt
0:00:18]} Be6 {[%emt 0:00:08]} 12. a4 {[%emt 0:00:04]} Nd7 {[%emt 0:00:16]} 13.
a5 {[%emt 0:00:25]} g6 {[%emt 0:00:18]} 14. Be2 {[%emt 0:00:13]} O-O { [%emt
0:00:04]} 15. O-O {[%emt 0:00:30]} Rc8 {[%emt 0:00:16]} 16. Re1 {[%emt
0:00:28]} Bh6 {[%emt 0:00:13]} 17. Qd3 {[%emt 0:00:46]} Nc5 {[%emt 0:00:07]}
18. Qg3 {[%emt 0:00:08]} Bxd5 {[%emt 0:00:49]} 19. exd5 {[%emt 0:00:12]} Bf4 {
[%emt 0:00:03]} 20. Qf3 {[%emt 0:00:16]} Qg5 {[%emt 0:01:07]} 21. Ne4 {[%emt
0:01:41]} Nxe4 {[%emt 0:00:09]} 22. Qxe4 {[%emt 0:00:00]} f5 {[%emt 0:00:21]}
23. Qd3 {[%emt 0:00:20]} e4 {[%emt 0:00:02]} 24. Qb3 {[%emt 0:00:04]} e3 {[%emt
0:00:21]} 25. g3 {[%emt 0:00:41]} Bxg3 {[%emt 0:01:24]} 26. fxg3 {[%emt
0:00:03]} Qxg3+ {[%emt 0:00:00]} 27. Kh1 {[%emt 0:00:02]} Qxh3+ {[%emt
0:00:03]} 28. Kg1 {[%emt 0:00:09]} Qg3+ {[%emt 0:00:12]} 29. Kh1 {[%emt
0:00:04]} Qh3+ {[%emt 0:00:10]} 30. Kg1 {[%emt 0:00:02] Bamberg1-004
reconnected.} f4 {[%emt 0:02:43]} 31. Qd3 {[%emt 0:01:12]} Rf5 {[%emt 0:00:04]}
32. Bd1 {[%emt 0:00:24]} Rg5+ { [%emt 0:00:04]} 33. Bg4 {[%emt 0:00:09]} Rxg4#
{[%emt 0:00:01]} 0-1

[Event "DSJ Weihnachtsturnier U20 2020"]
[Site "https://play.chessbase.com/en/play?room=DSJWeihnachtU20"]
[Date "2020.12.29"]
[Round "7"]
[White "Bosselmann, Tom Linus"]
[Black "Keyser, Robin"]
[Result "1-0"]
[Termination "normal"]
[Board "10.1"]
[WhiteElo "2060"]
[BlackElo "2070"]
[WhiteTeam "Lübecker SV von 1873 2"]
[BlackTeam "SK Johanneum Eppendorf"]
[PlyCount "83"]
[WhiteFideId "12983845"]
[BlackFideId "12986429"]
[EventRounds "7"]
[EventType "team-swiss"]
[EventDate "2020.12.29"]

1. e4 {[%emt 0:00:10]} e6 {[%emt 0:00:01]} 2. d4 {[%emt 0:00:15]} d5 {[%emt
0:00:08]} 3. e5 {[%emt 0:00:18]} c5 {[%emt 0:00:02]} 4. c3 {[%emt 0:00:01]} Nc6
{ [%emt 0:00:01]} 5. Nf3 {[%emt 0:00:01]} Bd7 {[%emt 0:00:01]} 6. Bd3 {[%emt
0:00:02]} cxd4 {[%emt 0:00:03]} 7. cxd4 {[%emt 0:00:02]} Qb6 {[%emt 0:00:00]}
8. O-O {[%emt 0:00:01]} Nxd4 {[%emt 0:00:03]} 9. Nxd4 {[%emt 0:00:02]} Qxd4 {
[%emt 0:00:02]} 10. Nc3 {[%emt 0:00:01]} a6 {[%emt 0:00:08]} 11. Qe2 {[%emt
0:00:08]} Rc8 {[%emt 0:00:02]} 12. a3 {[%emt 0:00:27]} Bc5 {[%emt 0:00:22]} 13.
g3 {[%emt 0:00:15]} Ne7 {[%emt 0:00:05]} 14. Bf4 {[%emt 0:00:10]} Ng6 {[%emt
0:00:08]} 15. Bxg6 {[%emt 0:00:03]} hxg6 {[%emt 0:00:01]} 16. Rad1 {[%emt
0:00:06]} Qc4 {[%emt 0:00:01]} 17. Qxc4 {[%emt 0:00:02]} dxc4 {[%emt 0:00:00]}
18. Ne4 {[%emt 0:00:01]} Ba4 {[%emt 0:00:10]} 19. Rd2 {[%emt 0:00:05]} O-O {
[%emt 0:00:18]} 20. Bg5 {[%emt 0:00:13]} Ba7 {[%emt 0:00:40]} 21. Be7 {[%emt
0:00:08]} Rfe8 {[%emt 0:00:02]} 22. Nd6 {[%emt 0:00:04]} Bb8 {[%emt 0:00:14]}
23. Nxe8 {[%emt 0:00:06]} Rxe8 {[%emt 0:00:03]} 24. Bd6 {[%emt 0:00:04]} Rd8 {
[%emt 0:00:05]} 25. Rc1 {[%emt 0:00:05]} Bb3 {[%emt 0:00:12]} 26. Kf1 {[%emt
0:00:18]} b5 {[%emt 0:00:12]} 27. Ke2 {[%emt 0:00:04]} Ba7 {[%emt 0:00:03]} 28.
f4 {[%emt 0:00:15]} f6 {[%emt 0:00:03]} 29. exf6 {[%emt 0:00:04]} gxf6 { [%emt
0:00:02]} 30. Bb4 {[%emt 0:00:02]} Rxd2+ {[%emt 0:00:04]} 31. Bxd2 { [%emt
0:00:04]} Kf7 {[%emt 0:00:02]} 32. h3 {[%emt 0:00:04]} Bd4 {[%emt 0:00:07]} 33.
Bc3 {[%emt 0:00:04]} e5 {[%emt 0:00:02]} 34. fxe5 {[%emt 0:00:04]} fxe5 {[%emt
0:00:01]} 35. Rf1+ {[%emt 0:00:03]} Ke6 {[%emt 0:00:01]} 36. Rf8 { [%emt
0:00:06]} Bc2 {[%emt 0:00:05]} 37. Bxd4 {[%emt 0:00:06]} exd4 {[%emt 0:00:03]}
38. Ra8 {[%emt 0:00:01]} Be4 {[%emt 0:00:17]} 39. Rxa6+ {[%emt 0:00:05] } Kd5
{[%emt 0:00:01]} 40. Kd2 {[%emt 0:00:02]} Kc5 {[%emt 0:00:02]} 41. g4 { [%emt
0:00:10]} b4 {[%emt 0:00:06]} 42. Ra5+ {[%emt 0:00:01]} 1-0

[Event "DSJ Weihnachtsturnier U20 2020"]
[Site "https://play.chessbase.com/en/play?room=DSJWeihnachtU20"]
[Date "2020.12.29"]
[Round "7"]
[White "Keyser, Philipp"]
[Black "Bornholdt, Joa Max"]
[Result "1-0"]
[Termination "normal"]
[Board "10.2"]
[WhiteElo "2030"]
[BlackElo "1998"]
[WhiteTeam "SK Johanneum Eppendorf"]
[BlackTeam "Lübecker SV von 1873 2"]
[PlyCount "29"]
[WhiteFideId "12986437"]
[BlackFideId "16253477"]
[EventRounds "7"]
[EventType "team-swiss"]
[EventDate "2020.12.29"]

1. e4 {[%emt 0:00:03]} e5 {[%emt 0:00:13]} 2. Nf3 {[%emt 0:00:03]} Nc6 { [%emt
0:00:05]} 3. Bb5 {[%emt 0:00:01]} a6 {[%emt 0:00:02]} 4. Ba4 {[%emt 0:00:02]}
Nf6 {[%emt 0:00:02]} 5. O-O {[%emt 0:00:01]} b5 {[%emt 0:00:02]} 6. Bb3 { [%emt
0:00:01]} Bc5 {[%emt 0:00:02]} 7. d3 {[%emt 0:00:02]} d6 {[%emt 0:00:03]} 8. c3
{[%emt 0:00:01]} O-O {[%emt 0:00:06]} 9. h3 {[%emt 0:00:01]} h6 {[%emt
0:00:04]} 10. Re1 {[%emt 0:00:01]} Bb6 {[%emt 0:00:03]} 11. Nbd2 {[%emt
0:00:03]} Re8 {[%emt 0:00:05]} 12. Nf1 {[%emt 0:00:01]} d5 {[%emt 0:00:09]} 13.
exd5 { [%emt 0:00:02]} Nxd5 {[%emt 0:00:00]} 14. Ng3 {[%emt 0:00:05]} Qg5
{[%emt 0:00:56]} 15. Nxg5 {[%emt 0:00:15] Luebeck2-002 bietet Remis
Luebeck2-002 gibt auf} 1-0

[Event "DSJ Weihnachtsturnier U20 2020"]
[Site "https://play.chessbase.com/en/play?room=DSJWeihnachtU20"]
[Date "2020.12.29"]
[Round "7"]
[White "Sommer, Justus"]
[Black "Killgus, Leonard"]
[Result "1/2-1/2"]
[Termination "normal"]
[Board "10.3"]
[WhiteElo "1744"]
[BlackElo "1962"]
[WhiteTeam "Lübecker SV von 1873 2"]
[BlackTeam "SK Johanneum Eppendorf"]
[PlyCount "80"]
[WhiteFideId "16245008"]
[BlackFideId "12922021"]
[EventRounds "7"]
[EventType "team-swiss"]
[EventDate "2020.12.29"]

1. e4 {[%emt 0:00:00]} c5 {[%emt 0:00:02]} 2. Nf3 { [%emt 0:00:02]} e6 {[%emt
0:00:05]} 3. c3 {[%emt 0:00:02]} d5 {[%emt 0:00:07]} 4. exd5 {[%emt 0:00:02]}
Qxd5 {[%emt 0:00:00]} 5. Na3 {[%emt 0:00:08]} Nf6 { [%emt 0:01:14]} 6. d4
{[%emt 0:00:37]} cxd4 {[%emt 0:00:45]} 7. Nb5 {[%emt 0:00:06]} Qd8 {[%emt
0:00:19]} 8. Nbxd4 {[%emt 0:00:39]} Be7 {[%emt 0:00:14] Restarted W (13.22e)
Restarted B (13.22e) OK OK} 9. Bd3 {[%emt 0:00:06] SKJE1-003 reconnected.} O-O
{[%emt 0:00:11]} 10. O-O {[%emt 0:00:03]} b6 { [%emt 0:00:35]} 11. Bf4 {[%emt
0:00:24]} Bb7 {[%emt 0:00:32]} 12. Qe2 {[%emt 0:00:30]} Nbd7 {[%emt 0:00:37]}
13. Rad1 {[%emt 0:00:20]} Qc8 {[%emt 0:00:30]} 14. Bb1 {[%emt 0:00:32]} Re8
{[%emt 0:00:49]} 15. Ne5 {[%emt 0:00:44]} Ba6 { [%emt 0:00:29]} 16. Bd3 {[%emt
0:00:33]} Bxd3 {[%emt 0:00:04]} 17. Rxd3 { [%emt 0:00:16]} Nd5 {[%emt 0:00:03]}
18. Bg3 {[%emt 0:00:06]} Bd6 {[%emt 0:01:15] SKJE1-003 reconnected.} 19. Rfd1
{[%emt 0:00:49]} Nc5 {[%emt 0:00:35]} 20. Rf3 {[%emt 0:00:32]} Bxe5 {[%emt
0:00:22]} 21. Bxe5 {[%emt 0:00:09]} f6 { [%emt 0:00:01]} 22. Bg3 {[%emt
0:00:06]} e5 {[%emt 0:00:13]} 23. Nf5 {[%emt 0:00:21]} Qe6 {[%emt 0:00:54]} 24.
b4 {[%emt 0:01:12]} e4 {[%emt 0:00:16]} 25. bxc5 {[%emt 0:00:36]} exf3 {[%emt
0:00:02]} 26. Qxe6+ {[%emt 0:00:36]} Rxe6 { [%emt 0:00:00]} 27. cxb6 {[%emt
0:00:07]} axb6 {[%emt 0:00:14]} 28. gxf3 { [%emt 0:00:09]} Nxc3 {[%emt
0:00:03]} 29. Rd7 {[%emt 0:00:08]} g6 {[%emt 0:00:06]} 30. Nh6+ {[%emt
0:00:18]} Kh8 {[%emt 0:00:15]} 31. Nf7+ {[%emt 0:00:02]} Kg8 {[%emt 0:00:02]}
32. Nd6 {[%emt 0:00:15]} Rxa2 {[%emt 0:00:05]} 33. Rd8+ { [%emt 0:00:11]} Kg7
{[%emt 0:00:02]} 34. Rd7+ {[%emt 0:00:12]} Kh6 {[%emt 0:00:01]} 35. Bf4+ {[%emt
0:00:02]} g5 {[%emt 0:00:01]} 36. Be3 {[%emt 0:00:11]} Ne2+ {[%emt 0:00:03]}
37. Kg2 {[%emt 0:00:01]} Nf4+ {[%emt 0:00:01]} 38. Bxf4 { [%emt 0:00:01]} gxf4
{[%emt 0:00:00]} 39. Nf5+ {[%emt 0:00:01]} Kg6 {[%emt 0:00:02]} 40. Nd4 {[%emt
0:00:03]} Rd6 {[%emt 0:00:05] Luebeck2-003 accepted take back of d7d6 SKJE1-003
offers a draw} 1/2-1/2

[Event "DSJ Weihnachtsturnier U20 2020"]
[Site "https://play.chessbase.com/en/play?room=DSJWeihnachtU20"]
[Date "2020.12.29"]
[Round "7"]
[White "Schindler, Tobias"]
[Black "Petrow, Jonas"]
[Result "1-0"]
[Termination "normal"]
[Board "11.1"]
[WhiteElo "1998"]
[BlackElo "1811"]
[WhiteTeam "SK Kelheim 1920"]
[BlackTeam "TuS Makkabi Rostock"]
[PlyCount "151"]
[WhiteFideId "12963585"]
[BlackFideId "12991805"]
[EventRounds "7"]
[EventType "team-swiss"]
[EventDate "2020.12.29"]

1. c4 {[%emt 0:00:04]} c6 {[%emt 0:00:02]} 2. g3 {[%emt 0:00:01]} d5 {[%emt
0:00:02]} 3. Bg2 {[%emt 0:00:01]} Nf6 {[%emt 0:00:01]} 4. Nf3 {[%emt 0:00:01]}
Bf5 {[%emt 0:00:03]} 5. cxd5 {[%emt 0:00:34]} cxd5 {[%emt 0:00:02]} 6. Qb3 {
[%emt 0:00:05]} Qb6 {[%emt 0:00:08]} 7. Qxb6 {[%emt 0:00:07]} axb6 {[%emt
0:00:00]} 8. Nc3 {[%emt 0:00:19]} e6 {[%emt 0:00:02]} 9. O-O {[%emt 0:00:12]}
Be7 { [%emt 0:00:12]} 10. d3 {[%emt 0:00:05]} h6 {[%emt 0:00:06]} 11. Be3
{[%emt 0:00:25]} Bc5 {[%emt 0:00:08]} 12. Bf4 {[%emt 0:00:55]} O-O {[%emt
0:00:11]} 13. h3 {[%emt 0:00:45]} Nc6 {[%emt 0:00:03]} 14. Rfe1 {[%emt
0:00:13]} Bh7 { [%emt 0:00:46]} 15. g4 {[%emt 0:01:05]} Rfe8 {[%emt 0:00:30]}
16. Ne5 {[%emt 0:00:18]} Nb4 {[%emt 0:00:29]} 17. Rec1 {[%emt 0:00:48]} Nc6
{[%emt 0:00:27]} 18. Nb5 {[%emt 0:00:56]} Nxe5 {[%emt 0:01:42]} 19. Bxe5 {[%emt
0:00:03]} Nd7 { [%emt 0:00:01]} 20. Bg3 {[%emt 0:00:08]} Ra5 {[%emt 0:01:02]}
21. a4 {[%emt 0:01:36]} e5 {[%emt 0:00:03]} 22. Bxd5 {[%emt 0:00:17]} Nf6
{[%emt 0:00:09]} 23. Bxb7 {[%emt 0:00:06]} e4 {[%emt 0:00:01]} 24. d4 {[%emt
0:00:08]} Bb4 {[%emt 0:00:18]} 25. e3 {[%emt 0:00:05]} Kf8 {[%emt 0:00:47]} 26.
b3 {[%emt 0:00:07]} g5 {[%emt 0:00:37]} 27. Rc6 {[%emt 0:00:06]} Kg7 {[%emt
0:00:08]} 28. Be5 { [%emt 0:00:26]} Re6 {[%emt 0:00:05]} 29. Rc7 {[%emt
0:00:14]} Kg6 {[%emt 0:00:27]} 30. Rac1 {[%emt 0:00:05]} h5 {[%emt 0:00:05]}
31. Bxf6 {[%emt 0:00:08]} Kxf6 {[%emt 0:00:03]} 32. d5 {[%emt 0:00:03]} Re5
{[%emt 0:00:13]} 33. R1c6+ { [%emt 0:00:06]} Kg7 {[%emt 0:00:03]} 34. d6 {[%emt
0:00:01]} hxg4 {[%emt 0:00:07]} 35. hxg4 {[%emt 0:00:02]} Rd5 {[%emt 0:00:08]}
36. Rxb6 {[%emt 0:00:13]} Bxd6 {[%emt 0:00:30]} 37. Nxd6 {[%emt 0:00:07]} Rd1+
{[%emt 0:00:09]} 38. Kg2 { [%emt 0:00:02]} Rb1 {[%emt 0:00:04]} 39. Rb4 {[%emt
0:00:09]} Re5 {[%emt 0:00:15]} 40. Nc4 {[%emt 0:00:03]} Re6 {[%emt 0:00:08]}
41. Bd5 {[%emt 0:00:02]} Rf6 {[%emt 0:00:03]} 42. Rbb7 {[%emt 0:00:02]} Bg6
{[%emt 0:00:05]} 43. Ne5 { [%emt 0:00:02]} Rb2 {[%emt 0:00:08]} 44. Rxf7+
{[%emt 0:00:08]} Bxf7 {[%emt 0:00:08]} 45. Rxf7+ {[%emt 0:00:00]} Rxf7 {[%emt
0:00:18]} 46. Nxf7 {[%emt 0:00:00]} Kf6 {[%emt 0:00:03]} 47. Bc4 {[%emt
0:00:01]} Ra2 {[%emt 0:00:12]} 48. Nd6 {[%emt 0:00:02]} Ke5 {[%emt 0:00:02]}
49. Nb7 {[%emt 0:00:02]} Ra3 {[%emt 0:00:03]} 50. a5 {[%emt 0:00:01]} Ra1
{[%emt 0:00:02]} 51. a6 {[%emt 0:00:01]} Ra3 { [%emt 0:00:06]} 52. Nd8 {[%emt
0:00:02]} Ra1 {[%emt 0:00:08]} 53. b4 {[%emt 0:00:01]} Kd6 {[%emt 0:00:04]} 54.
b5 {[%emt 0:00:01]} Kc5 {[%emt 0:00:01]} 55. Bf1 {[%emt 0:00:02]} Kb6 {[%emt
0:00:07]} 56. Nf7 {[%emt 0:00:01]} Rc1 { [%emt 0:00:04]} 57. Nxg5 {[%emt
0:00:02]} Rc5 {[%emt 0:00:02]} 58. Nxe4 { [%emt 0:00:01]} Re5 {[%emt 0:00:00]}
59. Kf3 {[%emt 0:00:02]} Re8 {[%emt 0:00:01]} 60. Kf4 {[%emt 0:00:01]} Rh8
{[%emt 0:00:01]} 61. g5 {[%emt 0:00:01]} Rg8 {[%emt 0:00:02]} 62. Kf5 {[%emt
0:00:01]} Ra8 {[%emt 0:00:01]} 63. Nf6 { [%emt 0:00:01]} Rh8 {[%emt 0:00:02]}
64. g6 {[%emt 0:00:01]} Rh1 {[%emt 0:00:01]} 65. g7 {[%emt 0:00:01]} Rg1 {[%emt
0:00:03]} 66. g8=Q {[%emt 0:00:02]} Rxg8 {[%emt 0:00:01]} 67. Nxg8 {[%emt
0:00:01]} Kc5 {[%emt 0:00:00]} 68. a7 { [%emt 0:00:02]} Kd6 {[%emt 0:00:03]}
69. a8=Q {[%emt 0:00:00]} Kd7 {[%emt 0:00:01]} 70. Qd5+ {[%emt 0:00:02]} Ke8
{[%emt 0:00:03]} 71. Nf6+ {[%emt 0:00:03]} Ke7 {[%emt 0:00:02]} 72. Qe6+ {[%emt
0:00:01]} Kf8 {[%emt 0:00:04]} 73. Nd7+ { [%emt 0:00:01]} Kg7 {[%emt 0:00:01]}
74. Qg6+ {[%emt 0:00:04]} Kh8 {[%emt 0:00:01]} 75. Qh6+ {[%emt 0:00:03]} Kg8
{[%emt 0:00:01]} 76. Bc4# {[%emt 0:00:01]} 1-0